| 000 | 00989nam a2200289 i 4500 | ||
|---|---|---|---|
| 005 | 20220316235549.0 | ||
| 008 | 121119s2002 ck a gs 000 j spa d | ||
| 020 | _a9587040503 | ||
| 040 |
_aCO-BoRNBP _bspa _cCO-BoRNBP _erda |
||
| 041 | _aspa | ||
| 100 | 1 |
_aDahl, Roald, _d1916-1990 _eautor |
|
| 245 | 1 | 3 |
_aLa maravillosa medicina de Jorge _cRoald Dahl ; ilustraciones de Quentin Blake ; traducción de Maribel de Juan |
| 250 | _aPrimera edición | ||
| 264 | 1 |
_aBogotá _bAlfaguara _c2002 |
|
| 300 |
_a118 páginas _bilustraciones _c20 cm |
||
| 336 |
_atexto _btxt _2rdacontent |
||
| 337 |
_asin mediación _bn _2rdamedia |
||
| 338 |
_avolumen _bnc _2rdacarrier |
||
| 490 | _aInfantil | ||
| 650 | 1 | 4 |
_aCuentos infantiles ingleses _ySiglo XX _2LEMB |
| 650 | 1 | 4 |
_aLiteratura infantil inglesa _ySiglo XX _2LEMB |
| 650 | 1 | 4 |
_aAbuelas _vCuentos _2LEMB |
| 700 | 1 |
_aBlake, Quentin, _eilustrador _9126776 |
|
| 700 | 1 |
_aJuan, Maribel de, _etraductor _911416 |
|
| 942 |
_2loc _cBKLIT |
||
| 084 | _aN DAH1 | ||
| 999 |
_c1377 _d1377 |
||